00953 2200325 4500001002100000005001500021035002000036007000300056040001600059100003400075245008300109250001300192300003400205020002200239041000800261082000800269084001400277090002100291264003100312336002100343337003000364338002300394650002400417700004500441700004400486850001000530008004100540990002300581990002300604INLIS00000000000463120260524073846 a0010-0122000263ta aSPBUPDbind0 aHarrison Thomas L.ePengarang1 aThe DNA of Success :bManfaatkan DNA Entrepreneurial untuk Keberhasilan Bisnis a.-Cet. 1 a396 hal. :billus. ;c23,5 cm a978-979-1284-13-4 aind a158 a158 HAR t a206.4 ADI f 2 12 a.--Bandung :bKaifa,c2008 2rdacontentaTeks 2rdamediaaTanpa Perantara 2rdacarrieraVolume 4aKeberhasilan Bisnis aPenerjemah, Mursid WidjanarkoePengarang aPenyunting, Budhyastuti R.H.ePengarang aPUPAD260524 0  a11928/BR/KAPD/2009 a11929/BR/KAPD/2009